00829nam a2200229Ii 450000100060000000300090000600800410001502000150005604000330007104100080010408200180011210000270013024500420015726400910019930000120029033600260030233700280032833800270035694000520038399900170043595201470045211845CO-ViMGA241108s9999||||xx |||||||||||||| ||und|| a9977660387 aCO-ViMGAbspaerdacCO-ViMGA0 aunk04a693.852 S261f1 aFranz Sauter F.95462610aFundamentos de Ingeniería Sísmica 1a[Lugar de publicación no identificado] : Editorial tecnológica de Costa Rica, 1989 avolumen atextbtxt2rdacontent aunmediatedbn2rdamedia avolumebnc2rdacarrier aidficha_siabuc: 11564. -- ficha_no_siabuc:11845 c51743d51743 001040708001aMEVIGERRbMEVIGERRcGENd2006-11-27hVol.1o693.852 S261fpECA12961r2024-11-26 10:08:35tEj.1w2024-11-26yBKz11564 | 15562